Harry Potter: Pick the Place Quiz Stats

 Plays Quiz not verified by Sporcle

Score 0/20 Timer 05:00
1 Play Today
% Correct
Chamber of Secrets
94.9%
Kings Cross Station
94.4%
4 Privet Drive
93.9%
Ollivanders
93.6%
Forbidden Forest
93%
Great Lake
91.8%
12 Grimmauld Place
91.5%
Little Hangleton Graveyard
91.3%
Ministry of Magic
91%
Gryffindor Common Room
90.9%
% Correct
Shrieking Shack
90.6%
Flourish and Blotts
90%
Gringotts
89.2%
Godric's Hollow
88.4%
Shell Cottage
87.6%
The Burrow
87.6%
Room of Requirement
87.4%
Malfoy Manor
86%
Hog's Head
78.6%
Spinner's End
76.2%

You're not logged in!

Compare scores with friends on all Sporcle quizzes.
OR
Log In

Show Comments

Extras

Top Quizzes Today


Score Distribution

Your Account Isn't Verified!

In order to create a playlist on Sporcle, you need to verify the email address you used during registration. Go to your Sporcle Settings to finish the process.

Report this User

Report this user for behavior that violates our Community Guidelines.

Details: